Statistiques concernant Ils sont nés un 8 août

Cliquez ici pour prendre le quiz!

Statistiques générales

  • Ce quiz a été pris 36 fois
  • Le résultat moyen est 3 sur 5

Statistiques - réponses

Réponse% Correct
Roger Federer
100%
Martine Aubry
82%
Dustin Hoffman
67%
Francis Lalanne
52%
Bernard Ménez
33%

Distribution des résultats

Percentile par nombre de réponses

% des personnes avec chaque résultat

Votre développement - résultats

Vous n’avez pas pris ce quiz